[Event "Online Olym Div3 D"]
[Site "Chess.com INT"]
[Date "2021.08.27"]
[Round "3.2"]
[White "Kamwendo, Precious"]
[Black "Almiron, Antonio"]
[Result "0-1"]
[WhiteElo "1934"]
[BlackElo "2366"]
[PlyCount "96"]
[EventDate "2021.08.27"]
[EventType "team-tourn (rapid)"]
[EventRounds "9"]
[EventCountry "USA"]
[SourceTitle "CBM 204 Extra"]
[Source "ChessBase"]
[SourceDate "2021.11.30"]
[SourceVersion "1"]
[SourceVersionDate "2021.11.30"]
[SourceQuality "1"]
[WhiteTeam "Malawi"]
[BlackTeam "Paraguay"]
[WhiteTeamCountry "MWI"]
[BlackTeamCountry "PAR"]

1. e4 c5 2. Nf3 d6 3. Bb5+ Nd7 4. 0-0 Ngf6 5. Nc3 a6 6. Bxd7+ Bxd7 7. e5 dxe5 8. Nxe5 e6 9. d3 Bd6 10. Nxd7 Qxd7 11. Bg5 Qc7 12. h3 Be5 13. Qf3 0-0 14. Rae1 h6 15. Bd2 Rad8 16. Re2 b5 17. Rfe1 Bd4 18. Bf4 Qb6 19. Be5 Nd7 20. Bxd4 cxd4 21. Ne4 Rc8 22. c3 dxc3 23. bxc3 Rfd8 24. d4 Qc6 25. Re3 e5 26. dxe5 Nxe5 27. Qf5 Ng6 28. Qg4 Rd5 29. Ng3 Rf8 30. Nf5 Qf6 31. Rf3 Qg5 32. Qxg5 hxg5 33. Ne7+ Nxe7 34. Rxe7 Rd1+ 35. Kh2 Rd2 36. a4 bxa4 37. Ra7 a3 38. Rxa6 a2 39. c4 Rc8 40. Ra4 Rxc4 41. Ra8+ Kh7 42. Rxf7 Rf4 43. Rxf4 gxf4 44. f3 g5 45. Ra6 Kg7 46. Kg1 Kf7 47. Kh2 Ke7 48. Kg1 Rd1+ 0-1

[Event "Online Olym Div4 B"]
[Site "Chess.com INT"]
[Date "2021.08.21"]
[Round "7.5"]
[White "Weldegebriel Beraki, Kibrom"]
[Black "Kamwendo, Precious"]
[Result "1-0"]
[WhiteElo "1820"]
[BlackElo "1934"]
[PlyCount "91"]
[EventDate "2021.08.20"]
[EventType "team (rapid)"]
[EventRounds "11"]
[EventCountry "USA"]
[SourceTitle "CBM 203 Extra"]
[Source "ChessBase"]
[SourceDate "2021.09.30"]
[SourceVersion "1"]
[SourceVersionDate "2021.09.30"]
[SourceQuality "1"]
[WhiteTeam "Eritrea"]
[BlackTeam "Malawi"]
[WhiteTeamCountry "ERI"]
[BlackTeamCountry "MWI"]

1. d4 Nf6 2. c4 e6 3. Nc3 Bb4 4. Qc2 d5 5. Nf3 h6 6. Bf4 0-0 7. e3 c6 8. h3 Qa5 9. Bd3 dxc4 10. Bxc4 Ne4 11. Rc1 Nxc3 12. bxc3 Ba3 13. Rb1 Nd7 14. 0-0 b5 15. Bd3 Bb7 16. c4 Rac8 17. c5 Ba6 18. Bd6 Rfe8 19. Rb3 b4 20. e4 Bb5 21. Bxb5 Qxb5 22. e5 a5 23. Rfb1 Qa6 24. Nh2 f5 25. exf6 Nxf6 26. Qg6 Kh8 27. Be5 Rf8 28. Rg3 Qa7 29. Ng4 Qf7 30. Qc2 Qh5 31. Rbb3 Rf7 32. Rbf3 Rcf8 33. Ne3 Kg8 34. Qc4 Nd5 35. Rxf7 Rxf7 36. Nxd5 exd5 37. Qa6 Qf5 38. Qxc6 Qxf2+ 39. Kh2 Bc1 40. Qxd5 Bf4 41. Bxf4 Qxf4 42. c6 a4 43. Qc4 h5 44. c7 h4 45. c8Q+ Kh7 46. Qd3+ 1-0